[Event "Eynatten1 - CREC"]
[Site "?"]
[Date "2010.11.21"]
[Round "4.1"]
[White "Hausrath, Daniel"]
[Black "Eliet, Nicolas"]
[Result "1-0"]
[WhiteElo "2537"]
[BlackElo "2410"]
[PlyCount "89"]
[EventDate "2010.11.21"]
[SourceDate "2010.11.21"]

1. Nf3 e6 2. g3 d5 3. Bg2 c5 4. O-O Nc6 5. d4 Nf6 6. c4 cxd4 7. cxd5 exd5 8.
Nxd4 Be7 9. Nc3 O-O 10. Be3 Bg4 11. Qb3 Na5 12. Qc2 Qd7 13. Rad1 Rac8 14. Qb1
a6 15. Bg5 Nc6 16. Nb3 d4 17. Be3 dxe3 18. Rxd7 exf2+ 19. Rxf2 Bxd7 20. Nd5
Nxd5 21. Bxd5 Bg5 22. Nc5 Bh3 23. Bg2 Bg4 24. Qe4 Bh5 25. Nd7 Rfe8 26. Qd5 h6
27. Rf1 Rcd8 28. h4 Be3+ 29. Kh2 Ne5 30. Rf5 Ng4+ 31. Kh3 Nf2+ 32. Rxf2 Bxf2
33. Nf6+ gxf6 34. Qxh5 Be3 35. Bxb7 Rd6 36. Bd5 Re7 37. Qg4+ Kf8 38. Qc4 Kg7
39. Bf3 Rb6 40. b3 Re5 41. Bd5 Re7 42. Qg4+ Kf8 43. Bc4 f5 44. Qxf5 Rg6 45.
Bxf7 1-0

[Event "CREC - Eynatten1"]
[Site "?"]
[Date "2010.11.21"]
[Round "4.2"]
[White "Saiboulatov, Daniyal"]
[Black "Levin, Felix"]
[Result "0-1"]
[WhiteElo "2399"]
[BlackElo "2512"]
[PlyCount "64"]
[EventDate "2010.11.21"]
[SourceDate "2010.11.21"]

1. e4 c6 2. c4 d5 3. cxd5 cxd5 4. exd5 Nf6 5. Nc3 Nxd5 6. Nf3 e6 7. d4 Bb4 8.
Bd2 O-O 9. Bd3 Nc6 10. O-O Be7 11. a3 Qb6 12. Re1 Rd8 13. Na4 Qc7 14. Rc1 Bd7
15. b4 a6 16. Nc5 Be8 17. Bb1 Qb6 18. Qc2 g6 19. Qe4 Bf6 20. h4 Nce7 21. Bg5
Nf5 22. Bxf6 Nxf6 23. Qxb7 Qd6 24. Bxf5 gxf5 25. Nd3 Nd5 26. Ng5 Rdb8 27. Rxe6
Qxe6 28. Qxb8 Rxb8 29. Nxe6 fxe6 30. Nc5 Rb6 31. Re1 Kf7 32. Re5 Nc7 0-1

[Event "Eynatten1 - CREC"]
[Site "?"]
[Date "2010.11.21"]
[Round "4.3"]
[White "Zaitsev, Mikhail"]
[Black "Houriez, Clement"]
[Result "1-0"]
[WhiteElo "2507"]
[BlackElo "2308"]
[PlyCount "51"]
[EventDate "2010.11.21"]
[SourceDate "2010.11.21"]

1. e4 c5 2. c3 d5 3. exd5 Qxd5 4. d4 Nf6 5. Na3 Bg4 6. f3 Bd7 7. Bc4 Qh5 8. Ne2
cxd4 9. cxd4 e6 10. O-O Bd6 11. Nf4 Qa5 12. Bb3 b5 13. Be3 O-O 14. Rc1 Na6 15.
Nb1 Rac8 16. Nc3 Bc6 17. Ne4 Be7 18. Nxf6+ Bxf6 19. Qe2 b4 20. Rfd1 Bb5 21. Qf2
Rxc1 22. Rxc1 Ba4 23. Bxa4 Qxa4 24. Nh5 Bd8 25. Qg3 g6 26. Qe5 1-0

[Event "CREC - Eynatten1"]
[Site "?"]
[Date "2010.11.21"]
[Round "4.4"]
[White "Akhayan, Ruben"]
[Black "Dambacher, Martin"]
[Result "0-1"]
[WhiteElo "2305"]
[BlackElo "2476"]
[PlyCount "54"]
[EventDate "2010.11.21"]
[SourceDate "2010.11.21"]

1. e4 c5 2. Nf3 e6 3. d4 cxd4 4. Nxd4 a6 5. c4 Nf6 6. Nc3 Qc7 7. a3 b6 8. Be2
Bb7 9. f3 Be7 10. Be3 d6 11. O-O Nbd7 12. Qd2 O-O 13. a4 Rab8 14. Rfc1 Rfc8 15.
Qe1 Ne5 16. Qf2 Nfd7 17. f4 Nc6 18. Nd5 Qd8 19. Nxe7+ Qxe7 20. Nxc6 Bxc6 21. c5
Nxc5 22. Bxc5 dxc5 23. Bxa6 Rd8 24. b4 Rd4 25. bxc5 bxc5 26. Qc2 Bxe4 27. Qxc5
Rd1+ 0-1

[Event "Eynatten1 - CREC"]
[Site "?"]
[Date "2010.11.21"]
[Round "4.5"]
[White "Bok, Benjamin"]
[Black "Bauduin, Etienne"]
[Result "1-0"]
[WhiteElo "2476"]
[BlackElo "2274"]
[PlyCount "65"]
[EventDate "2010.11.21"]
[SourceDate "2010.11.21"]

1. e4 e6 2. d4 d5 3. Nd2 c5 4. exd5 Qxd5 5. dxc5 Bxc5 6. Ngf3 Nf6 7. Bc4 Qd8 8.
O-O O-O 9. Qe2 Nc6 10. Nb3 Bd6 11. Bg5 a6 12. Rad1 Qc7 13. c3 Bf4 14. Rfe1 Bxg5
15. Nxg5 h6 16. Ne4 Nxe4 17. Qxe4 b6 18. Bd3 f5 19. Qe3 e5 20. Bc4+ Kh8 21. Bd5
Bb7 22. Nd2 Rae8 23. Qg3 Na5 24. Nf3 f4 25. Qg4 Bc8 26. Qh5 Bf5 27. Nh4 Qc8 28.
Nxf5 Rxf5 29. Qg4 b5 30. Be4 Rf6 31. Rd7 g6 32. Red1 Ref8 33. Bxg6 1-0

[Event "CREC - Eynatten1"]
[Site "?"]
[Date "2010.11.21"]
[Round "4.6"]
[White "Godart, Francois"]
[Black "Van Kampen, Robin"]
[Result "1/2-1/2"]
[WhiteElo "2442"]
[BlackElo "2241"]
[PlyCount "83"]
[EventDate "2010.11.21"]
[SourceDate "2010.11.21"]

1. d4 Nf6 2. c4 g6 3. Nc3 Bg7 4. e4 d6 5. f4 O-O 6. Nf3 Na6 7. e5 Nd7 8. c5
dxc5 9. d5 Nb6 10. Bxa6 bxa6 11. Be3 c4 12. Qd2 Bb7 13. O-O-O e6 14. dxe6 Qxd2+
15. Rxd2 fxe6 16. Ng5 Nd5 17. Bc5 Nxf4 18. Bxf8 Rxf8 19. Rd7 h6 20. Nge4 Bxe5
21. Re7 Nd3+ 22. Kb1 Rb8 23. b3 cxb3 24. axb3 Bd5 25. Nxd5 exd5 26. Nd2 c5 27.
Kc2 Nb4+ 28. Kd1 Bf6 29. Rc7 c4 30. bxc4 dxc4 31. Rxc4 Nd5 32. Re1 Bg5 33. Kc1
Rd8 34. Re2 Nf4 35. Ree4 Nd3+ 36. Kc2 a5 37. Red4 Ne1+ 38. Kd1 Rxd4 39. Rxd4
Nxg2 40. Ra4 Bd8 41. Re4 Kg7 42. Nc4 1/2-1/2

[Event "Eynatten1 - CREC"]
[Site "?"]
[Date "2010.11.21"]
[Round "4.7"]
[White "Roeder, Mathias"]
[Black "Slacmender, Julien"]
[Result "1-0"]
[WhiteElo "2422"]
[BlackElo "2228"]
[PlyCount "55"]
[EventDate "2010.11.21"]
[SourceDate "2010.11.21"]

1. Nf3 Nf6 2. c4 g6 3. Nc3 d5 4. cxd5 Nxd5 5. Qa4+ Bd7 6. Qh4 Nxc3 7. bxc3 Bg7
8. Rb1 Bc6 9. Nd4 Qd5 10. Nxc6 Nxc6 11. Qa4 O-O 12. e4 Qd6 13. Be2 b6 14. d4
Na5 15. Ba3 Qf4 16. O-O Qd2 17. Ba6 Qxa2 18. Rb2 Qe6 19. d5 Qe5 20. Rc2 f5 21.
exf5 Qxf5 22. Bxe7 Rfe8 23. Re2 Bxc3 24. Bb5 Rxe7 25. Rxe7 Be5 26. Qh4 g5 27.
Qh5 Rf8 28. Bd7 1-0

[Event "CREC - Eynatten1"]
[Site "?"]
[Date "2010.11.21"]
[Round "4.8"]
[White "Romanelli, Robert"]
[Black "Hammes, Michael"]
[Result "0-1"]
[WhiteElo "1967"]
[BlackElo "2393"]
[PlyCount "94"]
[EventDate "2010.11.21"]
[SourceDate "2010.11.21"]

1. e4 e6 2. d4 d5 3. Nc3 Bb4 4. Nge2 dxe4 5. a3 Be7 6. Nxe4 Nf6 7. Qd3 O-O 8.
N2c3 b6 9. Be2 Bb7 10. Bf3 c6 11. Nxf6+ Bxf6 12. Be3 Qc7 13. O-O-O Nd7 14. Be4
g6 15. Bh6 Rfe8 16. Qf3 Bg7 17. Bxg7 Kxg7 18. g4 f5 19. gxf5 exf5 20. Bxf5 Rf8
21. Rhg1 Kh8 22. Rxg6 hxg6 23. Qh3+ Kg7 24. Bxd7 Rxf2 25. Qe6 Qxh2 26. Qe7+ Rf7
27. Qe5+ Qxe5 28. dxe5 Re7 29. e6 Rh8 30. b3 Bc8 31. Bxc6 Rxe6 32. Bd5 Re7 33.
Nb5 Bf5 34. Nd6 Rh2 35. Nxf5+ gxf5 36. Bc4 Kf6 37. Rf1 Reh7 38. Kb2 R7h4 39.
Rf3 f4 40. Rd3 Kg5 41. Be6 Rh6 42. Bd7 Rf6 43. Rf3 Re2 44. b4 Re3 45. Rf1 f3
46. Rg1+ Kf4 47. Bb5 f2 0-1

[Event "Rochade - Ans"]
[Site "Eupen"]
[Date "2010.11.21"]
[Round "4.3"]
[White "Feygin, Michael"]
[Black "Hoffmann, Michael"]
[Result "0-1"]
[WhiteElo "2526"]
[BlackElo "2517"]
[PlyCount "78"]
[EventDate "2010.??.??"]

1. e4 c5 2. Nf3 d6 3. d4 cxd4 4. Nxd4 Nf6 5. Nc3 a6 6. Be3 Ng4 7. Bc1 Nc6 8.
Nb3 Nf6 9. Be3 e6 10. Qd2 Be7 11. O-O-O O-O 12. f4 b5 13. Bd3 Bb7 14. Kb1 Nb4
15. h3 Qc7 16. Rhe1 Rac8 17. g4 d5 18. e5 Ne4 19. Bxe4 dxe4 20. Qd7 Bh4 21.
Qxc7 Rxc7 22. Re2 Rfc8 23. a3 Nd5 24. Nxe4 Rxc2 25. Rxc2 Rxc2 26. Bd2 Ne3 27.
Nd6 Rxb2+ 28. Kxb2 Nxd1+ 29. Kc2 Bd5 30. Nd4 Nf2 31. Be1 h6 32. Nc8 Bb7 33. Nd6
Bg2 34. Kd2 g5 35. f5 Bxh3 36. Nf3 Nxg4 37. Bxh4 gxh4 38. fxe6 fxe6 39. Nxh4
Nxe5 0-1

[Event "Ans - Rochade"]
[Site "Eupen"]
[Date "2010.11.21"]
[Round "4.4"]
[White "Winants, Luc"]
[Black "Rausis, Igor"]
[Result "1-0"]
[WhiteElo "2515"]
[BlackElo "2466"]
[PlyCount "107"]
[EventDate "2010.??.??"]

1. d4 d5 2. c4 c6 3. Nc3 Nf6 4. e3 a6 5. c5 g6 6. Bd2 Bg7 7. Bd3 e5 8. Nge2 O-O
9. Qb3 Nbd7 10. f3 b6 11. cxb6 Nxb6 12. O-O Be6 13. Qc2 Nfd7 14. b4 Qe7 15.
Rab1 Rfc8 16. Na4 Nxa4 17. Qxa4 Nb6 18. Qc2 exd4 19. Nxd4 c5 20. bxc5 Nc4 21.
Bxc4 dxc4 22. Qe4 Qxc5 23. Nxe6 fxe6 24. Qxe6+ Kh8 25. Rb7 c3 26. Qd7 Rg8 27.
Rc7 Qb5 28. Qxb5 axb5 29. Bxc3 Bxc3 30. Rxc3 Rxa2 31. Rd1 Ra7 32. Rd4 Rb8 33.
Rb3 Kg7 34. Rbb4 h5 35. h4 Rb6 36. Kh2 Re7 37. e4 Rc7 38. Rd5 Rcb7 39. Kg3 Rb8
40. Kf4 Kh6 41. e5 R8b7 42. Ke4 Kg7 43. Rd6 Rb8 44. Kd5 Kf7 45. Rd7+ Ke8 46.
Rh7 Rd8+ 47. Kc5 Re6 48. Rh8+ Ke7 49. Rxd8 Kxd8 50. f4 Ra6 51. Rxb5 Ra2 52. Kd6
Rd2+ 53. Ke6 Rxg2 54. Kf6 1-0

[Event "Ans - Rochade"]
[Site "Eupen"]
[Date "2010.11.21"]
[Round "4.6"]
[White "Fridman, Rafael"]
[Black "Meessen, Rudolf"]
[Result "1-0"]
[WhiteElo "2482"]
[BlackElo "2360"]
[PlyCount "127"]
[EventDate "2010.??.??"]

1. e4 e6 2. d4 d5 3. exd5 exd5 4. Bd3 Nc6 5. c3 Bd6 6. Qf3 Nf6 7. h3 Ne4 8. Ne2
f5 9. Bf4 O-O 10. Bxd6 cxd6 11. Nd2 Bd7 12. Nf4 Re8 13. Be2 b5 14. a3 a5 15.
Nxe4 dxe4 16. Qg3 Kh8 17. h4 Rb8 18. h5 Qf6 19. Qh4 Qxh4 20. Rxh4 Ne7 21. Kd2
d5 22. Rhh1 Bc6 23. b3 Nc8 24. Ke3 Nd6 25. Rab1 Rec8 26. Rhc1 Kg8 27. g4 h6 28.
Ng6 Rc7 29. Ne5 Bd7 30. c4 bxc4 31. bxc4 Rxb1 32. Rxb1 dxc4 33. Nxd7 Rxd7 34.
Rb6 Kf7 35. Rc6 Ke7 36. Kf4 fxg4 37. Bxg4 Rb7 38. Ke5 Rb5+ 39. d5 Nf7+ 40. Kxe4
Ng5+ 41. Kd4 Nf7 42. Kxc4 Rb2 43. Re6+ Kd8 44. Be2 a4 45. Kc5 Rc2+ 46. Kb6 Ng5
47. Re3 Kd7 48. f4 Nh7 49. Bd3 Rb2+ 50. Kc5 Nf6 51. Bb5+ Kd8 52. Bxa4 Rf2 53.
Bc6 Rxf4 54. a4 Ne4+ 55. Kb6 Nd6 56. Re6 Nc8+ 57. Kb7 Rf7+ 58. Kb8 Rf8 59. a5
Rg8 60. a6 Rf8 61. Re8+ Rxe8 62. Bxe8 Nb6 63. Bc6 Nc8 64. d6 1-0

[Event "Ans - Rochade"]
[Site "Eupen"]
[Date "2010.11.21"]
[Round "4.8"]
[White "Gulbas, Cemil"]
[Black "Bruehl, Andreas"]
[Result "0-1"]
[WhiteElo "2444"]
[BlackElo "2350"]
[PlyCount "50"]
[EventDate "2010.??.??"]

1. e4 e5 2. Nf3 Nc6 3. Bb5 a6 4. Ba4 Nf6 5. O-O Nxe4 6. d4 b5 7. Bb3 d5 8. dxe5
Be6 9. c3 Be7 10. Be3 Qd7 11. Nbd2 Nc5 12. Bc2 Bg4 13. h3 Bh5 14. b4 Ne6 15. g4
d4 16. cxd4 Bg6 17. Bf5 Bxf5 18. gxf5 Nexd4 19. e6 fxe6 20. Nxd4 Nxd4 21. Qh5+
g6 22. fxg6 O-O-O 23. Qe5 Rhg8 24. f3 Rxg6+ 25. Kh1 Qd5 0-1

[Event "KGSRL- Amay"]
[Site "?"]
[Date "2010.11.21"]
[Round "4.1"]
[White "Michiels, Bart"]
[Black "Zaragatski, Ilija"]
[Result "1-0"]
[WhiteElo "2452"]
[BlackElo "2472"]
[PlyCount "125"]
[EventDate "2010.11.21"]
[SourceDate "2010.11.21"]

1. e4 e6 2. d4 d5 3. Nc3 Nc6 4. e5 f6 5. Nf3 fxe5 6. dxe5 Nh6 7. Bf4 Bd7 8. Bd3
Nf7 9. Qd2 Nb4 10. Be2 c5 11. O-O Be7 12. a3 Nc6 13. h3 Qb6 14. Rfe1 O-O-O 15.
Bf1 Be8 16. b4 cxb4 17. Nb5 d4 18. Bc4 Kb8 19. axb4 Bxb4 20. c3 dxc3 21. Qa2 a6
22. Be3 Bc5 23. Nxc3 Bxe3 24. Rxe3 Nb4 25. Qb3 Bc6 26. Bxe6 Nh6 27. Na4 Qa5 28.
Ra3 Nd5 29. Nc3 Qc5 30. Nxd5 Bxd5 31. Bxd5 Qxd5 32. Rxa6 Nf5 33. Rc3 Qxb3 34.
Rxb3 Rd1+ 35. Kh2 Rc8 36. Rab6 Rcc1 37. Rxb7+ Kc8 38. g4 Rh1+ 39. Kg2 Nh4+ 40.
Nxh4 Rcg1+ 41. Kf3 Rxh3+ 42. Kf4 Rxh4 43. Rxg7 h5 44. Rg3 Rxg3 45. fxg3 Rh1 46.
gxh5 Rxh5 47. g4 Rh1 48. Kf5 Kd8 49. g5 Ke8 50. Ra7 Kf8 51. e6 Re1 52. Kf6 Rf1+
53. Kg6 Re1 54. Ra8+ Ke7 55. Kg7 Rxe6 56. g6 Re1 57. Kg8 Rg1 58. g7 Re1 59. Ra2
Rh1 60. Re2+ Kd6 61. Re4 Kd5 62. Rg4 Ra1 63. Kh7 1-0

[Event "KGSRL - Amay"]
[Site "?"]
[Date "2010.11.21"]
[Round "4.3"]
[White "Lemmers, Oscar"]
[Black "Buscher, Michael"]
[Result "1/2-1/2"]
[WhiteElo "2395"]
[BlackElo "2388"]
[PlyCount "46"]
[EventDate "2010.11.21"]
[SourceDate "2010.11.21"]

1. e4 c5 2. c3 d5 3. exd5 Qxd5 4. d4 Nc6 5. Nf3 e5 6. dxe5 Qxd1+ 7. Kxd1 Bg4 8.
Bf4 Nge7 9. Kc2 Ng6 10. Bg3 O-O-O 11. Nbd2 Bf5+ 12. Kc1 f6 13. Nc4 Ncxe5 14.
Ncxe5 Nxe5 15. Nxe5 fxe5 16. Bh4 Rd6 17. Bc4 g5 18. Bxg5 Rg6 19. Be3 Rxg2 20.
Kd2 Be7 21. Rag1 Rg6 22. Rg3 b6 23. Rhg1 Rf8 1/2-1/2

[Event "Amay - KGSRL"]
[Site "?"]
[Date "2010.11.21"]
[Round "4.4"]
[White "Schut, Lisa"]
[Black "Tjiam, Dharma"]
[Result "1/2-1/2"]
[WhiteElo "2286"]
[BlackElo "2385"]
[PlyCount "58"]
[EventDate "2010.11.21"]
[SourceDate "2010.11.21"]

1. e4 d6 2. d4 Nf6 3. Nc3 g6 4. Be3 Bg7 5. Qd2 c6 6. Nf3 Qa5 7. h3 Nbd7 8. Bd3
O-O 9. O-O Qc7 10. Rfe1 e5 11. a4 b6 12. Rad1 Bb7 13. dxe5 Nxe5 14. Nxe5 dxe5
15. Qe2 Rfe8 16. Bc4 Nh5 17. g3 Bc8 18. Kh2 Nf4 19. Qf3 Ne6 20. Rd3 Nd4 21.
Bxd4 exd4 22. Ne2 c5 23. Nf4 Bb7 24. Nd5 Bxd5 25. Bxd5 Rad8 26. Bc4 Re7 27. Rd2
Kh8 28. Rde2 Rf8 29. b3 Re5 1/2-1/2

[Event "Amay - KGSRL "]
[Site "?"]
[Date "2010.11.21"]
[Round "4.6"]
[White "Noiroux, Kevin"]
[Black "Deleyn, Gunter"]
[Result "0-1"]
[WhiteElo "2190"]
[BlackElo "2321"]
[PlyCount "102"]
[EventDate "2010.11.21"]
[SourceDate "2010.11.21"]

1. d4 g6 2. e4 Bg7 3. Nf3 d6 4. h3 c5 5. dxc5 Qa5+ 6. c3 Qxc5 7. Be3 Qc7 8. a4
Nf6 9. Bd3 O-O 10. Na3 Nbd7 11. Nb5 Qb8 12. O-O a6 13. Na3 d5 14. exd5 Nxd5 15.
Bg5 N7f6 16. Re1 Qc7 17. Nc4 b6 18. a5 b5 19. Nb6 Nxb6 20. axb6 Qxb6 21. Rxe7
Qd6 22. Re2 Bb7 23. Rd2 Qc6 24. Qc2 Rfe8 25. c4 Ne4 26. cxb5 Qxc2 27. Rxc2 Nxg5
28. Nxg5 axb5 29. Rxa8 Rxa8 30. Be4 Bxe4 31. Nxe4 Ra1+ 32. Kh2 Be5+ 33. g3 Re1
34. Nc5 Rd1 35. Kg2 Rd5 36. Nb3 f5 37. f4 Bf6 38. Na5 b4 39. Nb3 Kf7 40. Rc4
Be7 41. Rd4 Ke6 42. Rc4 Rd3 43. Nc5+ Kd5 44. Nxd3 Kxc4 45. Ne5+ Kb3 46. g4 Kxb2
47. gxf5 gxf5 48. Nc6 b3 49. Nxe7 Kc2 50. Nxf5 b2 51. Nd4+ Kd3 0-1

[Event "KGSRL - Amay"]
[Site "?"]
[Date "2010.11.21"]
[Round "4.7"]
[White "Vanheirzeele, Daniel"]
[Black "Schut, Han"]
[Result "1/2-1/2"]
[WhiteElo "2207"]
[BlackElo "2131"]
[PlyCount "51"]
[EventDate "2010.11.21"]
[SourceDate "2010.11.21"]

1. d4 Nf6 2. c4 g6 3. Nc3 d5 4. Nf3 Bg7 5. Qb3 dxc4 6. Qxc4 O-O 7. e4 Bg4 8.
Be3 Nfd7 9. Rd1 Nb6 10. Qb3 Nc6 11. d5 Ne5 12. Be2 Nxf3+ 13. gxf3 Bh3 14. Rg1
Bd7 15. h4 Qb8 16. h5 c6 17. hxg6 hxg6 18. f4 e6 19. d6 Qd8 20. Kd2 Nc8 21. Kc1
b5 22. e5 Nb6 23. Bxb6 axb6 24. Ne4 Ra4 25. Bd3 c5 26. Bb1 1/2-1/2

[Event "Amay - KGSRL"]
[Site "?"]
[Date "2010.11.21"]
[Round "4.8"]
[White "Munster, Pierre"]
[Black "Gorshkov, Leonid"]
[Result "1-0"]
[WhiteElo "2100"]
[BlackElo "2110"]
[PlyCount "85"]
[EventDate "2010.11.21"]
[SourceDate "2010.11.21"]

1. Nf3 c5 2. g3 g6 3. Bg2 Bg7 4. O-O Nc6 5. d3 d6 6. e4 e6 7. c3 Nge7 8. Be3 b6
9. Qd2 h6 10. d4 cxd4 11. cxd4 d5 12. e5 Nf5 13. Qd3 Nxe3 14. fxe3 O-O 15. a3
a5 16. Rf2 Ba6 17. Qd2 a4 18. Qd1 Bc4 19. Nfd2 Na5 20. Nc3 Nb3 21. Nxb3 Bxb3
22. Qd2 Rc8 23. Bf1 h5 24. Bd3 Bh6 25. Raf1 Qg5 26. Rf3 f5 27. Ne2 Qe7 28. Nf4
Kf7 29. h3 Bc4 30. Re1 Rc6 31. Bb1 Kg7 32. Rc1 Rfc8 33. Kh2 Qe8 34. Rf2 g5 35.
Ng2 b5 36. g4 hxg4 37. hxg4 R6c7 38. gxf5 Qh5+ 39. Kg3 exf5 40. Bxf5 g4 41.
Bxg4 Qg6 42. Rf6 Qe4 43. Bf5 1-0

[Event "Eynatten2 - Namur"]
[Site "?"]
[Date "2010.11.21"]
[Round "4.1"]
[White "Braun, Christian"]
[Black "Clery, Nicolas"]
[Result "1/2-1/2"]
[WhiteElo "2408"]
[BlackElo "2402"]
[PlyCount "51"]
[EventDate "2010.11.21"]
[SourceDate "2010.11.21"]
[WhiteTeam "Eynatten 2"]
[BlackTeam "Namur 1"]

1. e4 e5 2. Nf3 Nc6 3. Bb5 Nf6 4. O-O Nxe4 5. d4 Nd6 6. Bxc6 dxc6 7. dxe5 Nf5
8. Qxd8+ Kxd8 9. Nc3 Ke8 10. h3 h5 11. Bg5 Be6 12. a3 Be7 13. Rad1 b6 14. Rfe1
h4 15. Re4 Bxg5 16. Nxg5 a5 17. Nxe6 fxe6 18. Rc4 c5 19. Nb5 Rd8 20. Nxc7+ Ke7
21. Re1 Rd2 22. b4 axb4 23. axb4 Rf8 24. Nb5 Ng3 25. fxg3 Rff2 26. gxh4 1/2-1/2

[Event "Eynatten2 - Namur"]
[Site "?"]
[Date "2010.11.21"]
[Round "4.3"]
[White "Zelbel, Patrick"]
[Black "Geenen, Marc"]
[Result "1/2-1/2"]
[WhiteElo "2365"]
[BlackElo "2316"]
[PlyCount "48"]
[EventDate "2010.11.21"]
[SourceDate "2010.11.21"]
[WhiteTeam "Eynatten 2"]
[BlackTeam "Namur 1"]

1. e4 e5 2. f4 exf4 3. Nf3 g5 4. Nc3 Nc6 5. d4 g4 6. Bxf4 gxf3 7. Qxf3 Nxd4 8.
Qf2 Ne6 9. Be5 f6 10. Be2 d6 11. Bh5+ Kd7 12. Bg3 c6 13. Rd1 Qb6 14. Qd2 Qc5
15. e5 Bh6 16. Qe2 Qe3 17. Ne4 Qxe2+ 18. Kxe2 d5 19. exf6 Bf4 20. f7 Nh6 21.
Nc5+ Nxc5 22. Bxf4 Nxf7 23. Bxf7 Rf8 24. Be3 Rxf7 1/2-1/2

[Event "Namur - Eynatten2"]
[Site "?"]
[Date "2010.11.21"]
[Round "4.4"]
[White "Laurent, Julien"]
[Black "Luecke, Norbert"]
[Result "1/2-1/2"]
[WhiteElo "2291"]
[BlackElo "2362"]
[PlyCount "120"]
[EventDate "2010.11.21"]
[SourceDate "2010.11.21"]
[WhiteTeam "Namur 1"]
[BlackTeam "Eynatten 2"]

1. Nf3 g6 2. c4 Bg7 3. Nc3 d6 4. d4 Nd7 5. e4 e6 6. Bg5 Ne7 7. Qd2 h6 8. Be3 a6
9. Bd3 b6 10. O-O Bb7 11. h3 c5 12. a3 Nc6 13. Be2 e5 14. dxe5 dxe5 15. Rad1
Nd4 16. Ne1 g5 17. Nd3 Qe7 18. Nd5 Bxd5 19. cxd5 O-O 20. Bg4 Nf6 21. f3 a5 22.
Qf2 Rfe8 23. Rc1 Ra7 24. Rc3 h5 25. Bf5 Nxf5 26. exf5 Nxd5 27. Rc4 Qd8 28. Kh1
Rd7 29. Nc1 Qf6 30. g4 Red8 31. Ne2 h4 32. Nc3 Nxc3 33. Rxc3 Bh6 34. Qc2 Rd5
35. Qe4 Qd6 36. Kg1 f6 37. Rc4 Bf8 38. a4 Rd1 39. Rc1 Rxf1+ 40. Kxf1 Qd3+ 41.
Kf2 Qxe4 42. fxe4 Kf7 43. Ke2 Ke8 44. Rc2 Rd6 45. Rc3 Kd7 46. Rd3 Kc6 47. Rxd6+
Bxd6 48. b3 b5 49. Bd2 Kb6 50. axb5 Kxb5 51. Kd3 Bc7 52. Kc3 Bd8 53. Be3 Be7
54. Bf2 Bd6 55. Be3 Bf8 56. Bf2 Be7 57. Be3 Bd8 58. Bf2 Bc7 59. Be3 Bb6 60. Bf2
Bd8 1/2-1/2

[Event "Eynatten2 - Namur"]
[Site "?"]
[Date "2010.11.21"]
[Round "4.5"]
[White "Skulener, Wladimir"]
[Black "Henris, Luc"]
[Result "1/2-1/2"]
[WhiteElo "2347"]
[BlackElo "2248"]
[PlyCount "25"]
[EventDate "2010.11.21"]
[SourceDate "2010.11.21"]
[WhiteTeam "Eynatten 2"]
[BlackTeam "Namur 1"]

1. d4 d5 2. Nf3 Nc6 3. e3 Bg4 4. c4 e5 5. Qb3 Bxf3 6. gxf3 Bb4+ 7. Bd2 Bxd2+ 8.
Nxd2 exd4 9. cxd5 dxe3 10. fxe3 Qh4+ 11. Kd1 Nd8 12. Rg1 Ne7 13. Rxg7 1/2-1/2

[Event "Namur - Eynatten2"]
[Site "?"]
[Date "2010.11.21"]
[Round "4.6"]
[White "Denayer, Eric"]
[Black "Litwak, Aleksej"]
[Result "1/2-1/2"]
[WhiteElo "2245"]
[BlackElo "2300"]
[PlyCount "51"]
[EventDate "2010.11.21"]
[SourceDate "2010.11.21"]
[WhiteTeam "Namur 1"]
[BlackTeam "Eynatten 2"]

1. Nf3 d5 2. d4 e6 3. g3 c5 4. Bg2 Nc6 5. O-O Nf6 6. b3 Be7 7. Bb2 O-O 8. Nbd2
b6 9. c4 Ba6 10. Rc1 Rc8 11. dxc5 bxc5 12. Ne5 Nxe5 13. Bxe5 d4 14. Bxf6 Bxf6
15. Ne4 Be7 16. f4 f5 17. Nf2 Qc7 18. Nd3 Bb7 19. Bf3 g5 20. Rf2 g4 21. Bxb7
Qxb7 22. Qd2 Bf6 23. Qa5 Be7 24. Qe1 Bf6 25. Qa5 Be7 26. Qe1 1/2-1/2

[Event "Eynatten2 - Namur"]
[Site "?"]
[Date "2010.11.21"]
[Round "4.7"]
[White "Philipowski, Robert"]
[Black "Bolzoni, Victor-Angel"]
[Result "1-0"]
[WhiteElo "2257"]
[BlackElo "2236"]
[PlyCount "87"]
[EventDate "2010.11.21"]
[SourceDate "2010.11.21"]
[WhiteTeam "Eynatten 2"]
[BlackTeam "Namur 1"]

1. e4 c5 2. Nf3 e6 3. c3 Nf6 4. e5 Nd5 5. Bc4 d6 6. O-O dxe5 7. Nxe5 Nc6 8.
Nxc6 bxc6 9. d3 Nb6 10. Qe2 Bd6 11. Nd2 Qc7 12. g3 Nxc4 13. dxc4 f5 14. f4 a5
15. Nf3 O-O 16. Be3 a4 17. Rfd1 Ba6 18. Rd2 Rad8 19. Rad1 h6 20. b3 axb3 21.
axb3 Bc8 22. Qf2 Kh7 23. Bxc5 Bxc5 24. Qxc5 Rxd2 25. Rxd2 Rd8 26. Rxd8 Qxd8 27.
Nd4 Bb7 28. b4 Qa8 29. Qa5 Qc8 30. Qe5 Qa8 31. Nxe6 Qa1+ 32. Kf2 Qb2+ 33. Ke3
Qc1+ 34. Kd4 Qg1+ 35. Qe3 c5+ 36. Nxc5 Qd1+ 37. Qd3 Qg1+ 38. Ke5 Qe1+ 39. Kd6
Bc8 40. Kc7 Be6 41. b5 Bf7 42. b6 Qe7+ 43. Nd7 Be6 44. Qd6 1-0

[Event "Namur - Eynatten2"]
[Site "?"]
[Date "2010.11.21"]
[Round "4.8"]
[White "Lanneau, Bertrand"]
[Black "Vanstreels, Luc"]
[Result "1/2-1/2"]
[WhiteElo "2190"]
[BlackElo "2158"]
[PlyCount "46"]
[EventDate "2010.11.21"]
[SourceDate "2010.11.21"]
[WhiteTeam "Namur 1"]
[BlackTeam "Eynatten 2"]

1. e4 c6 2. c4 e6 3. d4 d5 4. Nc3 dxe4 5. Nxe4 Bb4+ 6. Nc3 Nf6 7. Nf3 c5 8. a3
Ba5 9. Be3 O-O 10. Qc2 cxd4 11. Bxd4 Nc6 12. Bc5 Bxc3+ 13. Qxc3 Ne4 14. Qe3
Nxc5 15. Qxc5 Qf6 16. O-O-O e5 17. Bd3 Bg4 18. Qe3 Rac8 19. Kb1 g6 20. Rc1 Rfd8
21. Be4 Bf5 22. Rhd1 Nd4 23. Nd2 Qe6 1/2-1/2

[Event "Borgerhout - KBSK"]
[Site "?"]
[Date "2010.11.21"]
[Round "4.1"]
[White "Wemmers, Xander"]
[Black "Maenhout, Thibaut"]
[Result "1/2-1/2"]
[WhiteElo "2425"]
[BlackElo "2407"]
[PlyCount "139"]
[EventDate "2010.??.??"]
[SourceDate "2010.11.22"]

1. d4 Nf6 2. c4 c5 3. d5 b5 4. cxb5 a6 5. bxa6 g6 6. Nc3 Bxa6 7. Nf3 d6 8. g3
Bg7 9. Bg2 Nbd7 10. Rb1 Nb6 11. b3 Bb7 12. e4 Ba6 13. Bb2 O-O 14. Ng1 e6 15.
dxe6 fxe6 16. Nge2 d5 17. a4 d4 18. Nb5 Qd7 19. O-O Bxb5 20. axb5 Qxb5 21. Nf4
Rfe8 22. Qd3 Qb4 23. Qc2 Nbd7 24. Bh3 Kf7 25. Rfc1 Rac8 26. Qe2 Ne5 27. Nd3
Nxd3 28. Qxd3 Nd7 29. f4 Rb8 30. Ba1 Rec8 31. e5 Qa3 32. Qc4 Rc6 33. Bxd4 Rb4
34. Bb2 Qa7 35. Qe2 c4+ 36. Qf2 Qxf2+ 37. Kxf2 Rxb3 38. Bd4 Rd3 39. Be3 Bf8 40.
Bf1 Ra3 41. Rb7 Ke8 42. Bxc4 Bc5 43. Bxc5 Rxc5 44. Rbb1 Ke7 45. Rc2 g5 46. Rbc1
h5 47. Be2 Rxc2 48. Rxc2 h4 49. Rc8 hxg3+ 50. hxg3 gxf4 51. gxf4 Ra5 52. Rc7
Kd8 53. Rc6 Nxe5 54. Rxe6 Kd7 55. Rb6 Nf7 56. Rb7+ Ke8 57. Bd3 Nd6 58. Bg6+ Kf8
59. Rd7 Nc4 60. Rf7+ Kg8 61. Re7 Kf8 62. Re6 Kg7 63. Bd3 Ra2+ 64. Be2 Rd2 65.
Kg3 Nd6 66. Bg4 Rd4 67. Bh3 Kf7 68. Re5 Kf6 69. Kg4 Nc4 70. Re2 1/2-1/2

[Event "KBSK - Borgerhout "]
[Site "?"]
[Date "2010.11.21"]
[Round "4.2"]
[White "Geirnaert, Steven"]
[Black "Docx, Stefan"]
[Result "0-1"]
[WhiteElo "2356"]
[BlackElo "2382"]
[PlyCount "50"]
[EventDate "2010.??.??"]
[SourceDate "2010.11.22"]

1. d4 d6 2. c4 e5 3. Nf3 Nd7 4. Nc3 Ngf6 5. g3 g6 6. Bg2 Bg7 7. O-O O-O 8. Bg5
h6 9. Bxf6 Qxf6 10. dxe5 dxe5 11. Nd2 a5 12. a3 Re8 13. Rb1 Qd8 14. Qc2 c6 15.
b4 Qc7 16. c5 axb4 17. axb4 Nf6 18. Nc4 Bf5 19. e4 Be6 20. Nd6 Red8 21. f4 exf4
22. gxf4 Ng4 23. f5 Rxd6 24. cxd6 Qxd6 25. Bh3 Ne3 0-1